000 00353nam a2200145Ia 4500
003 OSt
005 20240311110215.0
008 170523s9999 xx 000 0 und d
020 _a978-0198843689
040 _cIIMT UNIVERSITY
100 _aStevenson- A.
245 0 _aConcise Oxford English Dictionary
260 _aOxford Uni.Press
942 _2ddc
_c02
999 _c11696
_d11696